[Event "POR-chT 1st League 2017"]
[Site "Leiria"]
[Date "2017.07.18"]
[Round "2"]
[White "Camacho Collados, Marcos"]
[Black "Silva, Fernando"]
[Result "1/2-1/2"]
[WhiteElo "2417"]
[BlackElo "2249"]
[Annotator "TA"]
[PlyCount "106"]
[EventDate "2017.??.??"]
[EventType "team-tourn"]
[EventCountry "POR"]
[SourceTitle "playchess.com"]
[Source "ChessBase"]
[SourceQuality "1"]

{[%evp 13,106,0,9,-1,26,18,29,0,0,0,13,10,16,10,16,7,20,18,12,10,22,18,37,20,20,0,0,0,0,0,42,47,56,0,0,-67,-74,-73,-59,-95,-97,-91,-28,-24,-35,-29,-25,-46,-46,-55,-46,-46,-46,-46,-46,-46,-46,-50,-50,-58,-62,-65,-57,-57,0,-46,-46,-43,-39,-56,-56,-68,-57,-51,-58,-79,-69,-69,-69,-69,-71,-151,-151,-191,-158,-181,-171,-164,-170,-255,-133,-120,-119,-137,745]} 1. d4 Nf6 2. Nf3 g6 3. Bg5 Bg7 4. Nbd2 h6 5. Bxf6 Bxf6 6. e4 d6 7. c3 O-O 8. Bc4 {A48: 1 d4 Nf6 2 Nf3 g6: Torre, London and Colle Systems} c6 9. a4 (9. Qe2 b5 10. Bb3 a5 11. e5 Bg7 12. a3 Na6 {½-½ (12) Rakhmanov,A (2662)-Matinian,N (2495) Sochi 2016}) 9... d5 $146 ({Predecessor:} 9... e5 10. O-O exd4 11. cxd4 d5 12. Ba2 dxe4 13. Nxe4 Bg7 14. Ne5 Kh7 {½-½ (52) Vaatainen,T (2288)-Niemela,T Finland 2001}) 10. exd5 {White has an edge.} cxd5 11. Bd3 Nc6 12. O-O Bg4 13. h3 Bxf3 14. Nxf3 e5 15. dxe5 Nxe5 16. Nxe5 Bxe5 17. Qb3 Qg5 18. Rad1 b6 19. Bb5 {[%cal Bd3b5,Bb5c6,Bc6d5][%mdl 32]} Rad8 $1 $40 {[%mdl 128] Black mounts an attack.} 20. Bc6 d4 $1 21. c4 d3 22. Bd5 $1 d2 23. Qc2 (23. g3 $1 $14) 23... Bf4 $1 $11 24. Qb3 ({Better is} 24. g3 $11) 24... h5 $1 $15 25. g3 {[#]} h4 $1 {[%cal Rh4g3]} 26. Kh1 hxg3 27. fxg3 {[#]} Qxg3 (27... Be3 $1 $17 28. Rf3 Rde8) 28. Qxg3 $11 Bxg3 29. Rxd2 {Rg2 is the strong threat.} Kg7 30. Re2 {Black should prevent Re7.} Bd6 31. Re4 Bc5 32. Kg2 Rd7 33. Rfe1 a5 34. b3 Rh8 35. Rf1 Rh5 36. Rf3 Rg5+ 37. Rg3 Rf5 38. Rf3 Rg5+ 39. Rg3 $1 {[%cal Rg3g5]} Rxg3+ 40. Kxg3 $15 {[%mdl 4096] Endgame KRB-KRB} Rd6 41. Kf3 Rd8 42. Re1 Rh8 43. Kg2 Rh5 44. Re8 Rg5+ 45. Kf3 Rf5+ 46. Kg3 $1 Rf1 47. Ra8 (47. Rd8 $142) 47... f5 $17 48. Rc8 Rb1 49. Rc7+ Kh6 50. Rc6 Rxb3+ 51. Kg2 (51. Bf3 {might work better.}) 51... Rb2+ (51... Rb4 $19 52. Kg3 Rxa4) 52. Kg3 Rb1 53. Kf4 Rh1 $2 {[%mdl 40960] Precision: White = 49%, Black = 63%. . An unexpected result.} (53... Rd1 $17 54. Bf7 Rf1+ 55. Ke5 Rg1) 1/2-1/2

[Event "POR-chT 1st League 2017"]
[Site "Leiria"]
[Date "2017.07.18"]
[Round "2"]
[White "Polaczek, Richard"]
[Black "Reis, Luis Sousa"]
[Result "1-0"]
[WhiteElo "2406"]
[BlackElo "2182"]
[Annotator "NA"]
[PlyCount "50"]
[EventDate "2017.??.??"]
[EventType "team-tourn"]
[EventCountry "POR"]
[SourceTitle "playchess.com"]
[Source "ChessBase"]
[SourceQuality "1"]
[TimeControl "5400+30"]

1. d4 {[%emt 0:00:00]} Nf6 {[%emt 0:00:31]} 2. Nf3 {[%emt 0:00:38]} e6 {[%emt 0:00:49]} 3. c4 {[%emt 0:00:30]} c5 {[%emt 0:00:50]} 4. g3 {[%emt 0:00:17]} cxd4 {[%emt 0:01:33]} 5. Nxd4 {[%emt 0:00:12]} d5 {[%emt 0:05:33]} 6. Bg2 {[%emt 0:01:04]} e5 {[%emt 0:02:58]} 7. Nf3 {[%emt 0:01:06]} d4 {[%emt 0:02:35]} 8. O-O {[%emt 0:00:15]} Nc6 {[%emt 0:00:23]} 9. e3 Be7 {[%emt 0:14:43]} 10. exd4 {[%emt 0:09:06]} exd4 {[%emt 0:00:32]} 11. Nbd2 O-O {[%emt 0:13:23]} 12. Nb3 {[%emt 0:03:45]} d3 {[%emt 0:03:01]} 13. Be3 {[%emt 0:00:44]} Bf5 14. Nfd4 {[%emt 0:04:29]} Nxd4 {[%emt 0:06:45]} 15. Nxd4 {[%emt 0:00:57]} Bg6 16. Bxb7 Rb8 {[%emt 0:17:32]} 17. Bf3 {[%emt 0:21:43]} Rxb2 {[%emt 0:02:18]} 18. Nc6 {[%emt 0:01:38]} Qc7 {[%emt 0:02:51]} 19. Re1 {[%emt 0:08:27]} Bb4 {[%emt 0:17:33]} 20. Rf1 {[%emt 0:13:38]} Bc3 21. Rb1 {[%emt 0:07:26]} Ne4 {[%emt 0:05:46]} 22. Rxb2 {[%emt 0:04:24]} Bxb2 {[%emt 0:00:45]} 23. Qa4 {[%emt 0:00:13]} Rc8 {[%emt 0:01:00]} 24. Nxa7 {[%emt 0:03:55]} Qxc4 {[%emt 0:00:22]} 25. Qd7 {[%emt 0:00:17]} Rf8 {[%emt 0:01:17]} 1-0

[Event "POR-chT 1st League 2017"]
[Site "Leiria"]
[Date "2017.07.18"]
[Round "2"]
[White "Trigo Urquijo, Sergio"]
[Black "Tubio Agrasar, Pablo"]
[Result "1-0"]
[WhiteElo "2389"]
[BlackElo "1988"]
[Annotator "NA"]
[PlyCount "53"]
[EventDate "2017.??.??"]
[EventType "team-tourn"]
[EventCountry "POR"]
[SourceTitle "playchess.com"]
[Source "ChessBase"]
[SourceQuality "1"]
[TimeControl "5400+30"]

1. e4 c5 2. Nc3 d6 3. g3 Nf6 4. Bg2 g6 5. Nge2 Bg7 6. O-O O-O 7. h3 Nc6 8. d3 e6 9. f4 Nd4 10. Nxd4 cxd4 11. Ne2 Nd7 12. c3 dxc3 13. bxc3 b6 14. Ba3 Nc5 15. d4 Nb7 16. e5 Rb8 17. Qa4 a5 18. Rab1 Bd7 19. Bc6 Bxc6 20. Qxc6 Qc8 21. Qxc8 Rfxc8 22. Rxb6 dxe5 23. fxe5 Nd8 24. Rfb1 Nc6 25. Kf2 Bf8 26. Bxf8 Kxf8 27. Rxc6 1-0

[Event "POR-chT 1st League 2017"]
[Site "Leiria"]
[Date "2017.07.18"]
[Round "2"]
[White "Rocha, Sergio"]
[Black "Iruzubieta Villaluenga, Jesus M"]
[Result "0-1"]
[WhiteElo "2364"]
[BlackElo "2428"]
[Annotator "TA"]
[PlyCount "48"]
[EventDate "2017.??.??"]
[EventType "team-tourn"]
[EventCountry "POR"]
[SourceTitle "playchess.com"]
[Source "ChessBase"]
[SourceQuality "1"]

{[%evp 9,48,19,18,-38,-27,-30,-42,-17,-18,-46,-37,-66,-60,-65,-60,-206,-201,-280,-289,-257,-264,-308,-300,-283,-256,-357,-364,-379,-383,-369,-397,-378,-369,-387,-341,-345,-260,-887,-878,-1266,-1260]} 1. d4 d5 2. Nf3 Nf6 3. c4 e6 4. Nc3 Bb4 5. Bg5 dxc4 6. e3 {D39: Queen's Gambit Declined: Ragozin Defence with 5 Bg5 dxc4} ({Better is} 6. e4 $11) (6. e4 b5 7. a4 c5 8. axb5 cxd4 9. Nxd4 h6 10. Bxf6 Qxf6 11. Bxc4 O-O 12. O-O Rd8 13. Qb3 Bc5 14. Nf3 Nd7 {½-½ (43) So,W (2812)-Aronian,L (2793) Leuven 2017}) 6... b5 $1 $15 7. Be2 Bb7 8. O-O {Black is slightly better.} a6 9. a4 Nbd7 10. Bxf6 $146 ({Predecessor:} 10. axb5 Bxc3 11. bxa6 Bxb2 12. Rb1 Bxf3 13. Bxf3 c3 {0-1 (30) Udovcic,M-Karaklajic,N Ljubljana 1955}) 10... gxf6 11. axb5 Bxc3 $1 12. bxa6 (12. bxc3 $15 axb5 13. Qd2) 12... Bxb2 $19 13. Rb1 Bxf3 $1 ({Worse is} 13... Rxa6 14. Rxb2 Nb6 15. Qc2 $11) 14. Bxf3 c3 ({Stronger than} 14... Rxa6 15. Rxb2 Nb6 16. Qc2 $14) 15. Bxa8 Qxa8 16. Qa4 Qd5 17. a7 O-O 18. Rbd1 f5 {[%cal Bf6f5,Bf5f4][%mdl 32]} 19. f3 Nb6 20. Qc2 Qc4 21. e4 f4 22. g3 Qa4 23. Qf2 $2 {[#]} (23. Qxa4 Nxa4 24. d5) 23... c2 24. Rc1 Bxd4 {Precision: White = 20%, Black = 81%.} 0-1

[Event "POR-chT 1st League 2017"]
[Site "Leiria"]
[Date "2017.07.18"]
[Round "2"]
[White "Padeiro, Jose"]
[Black "Petkov, Vladimir"]
[Result "1/2-1/2"]
[WhiteElo "2276"]
[BlackElo "2489"]
[Annotator "TA"]
[PlyCount "160"]
[EventDate "2017.??.??"]
[EventType "team-tourn"]
[EventCountry "POR"]
[SourceTitle "playchess.com"]
[Source "ChessBase"]
[SourceQuality "1"]

{[%evp 13,160,-10,-5,-23,-27,-23,22,-2,0,-27,-23,-39,-37,-52,0,-29,-40,-59,-68,-55,-12,0,0,0,0,-20,-19,-34,-33,-34,-37,-44,-45,-58,-52,-56,-53,-48,-27,-35,-27,-54,-47,-58,-56,-56,-35,-47,-37,-41,-34,-60,-34,-35,-35,-34,-37,-34,-27,-27,-27,-36,-8,-8,-8,-8,0,-43,-8,-8,0,0,0,0,0,0,0,-15,-15,-15,-15,-15,-15,-15,-15,-15,-15,-15,-15,-15,-15,-15,-15,-15,-15,-15,-14,-15,-15,-15,-14,-15,-12,-15,-8,-8,-8,-15,-8,-8,-8,-8,-8,-8,-8,-8,-8,-8,0,-8,-8,-8,-8,-8,-8,-8,-8,-8,0,-8,-8,-8,-8,-8,-8,-8,-8,-8,-8,-8,-8,-8,-8,-8,-8,-8,-8,-8,-8]} 1. e4 c5 2. Nc3 d6 3. f4 Nf6 4. Bb5+ (4. Nf3 e6 5. d4 d5 6. e5 Ne4 7. Nxe4 dxe4 8. Ng5 cxd4 9. Nxe4 Na6 10. a3 Nc5 11. Ng5 Be7 12. Nf3 O-O 13. Qxd4 {½-½ (44) Felgaer,R (2557)-Vachier Lagrave,M (2713) Caleta 2013}) 4... Bd7 5. Bxd7+ Qxd7 6. Nf3 {B23: Closed Sicilian: Lines without g3} Nc6 7. O-O e6 {LiveBook: 5 Games} 8. d4 cxd4 9. Nxd4 Rc8 10. Kh1 $146 ({Predecessor:} 10. Nxc6 Qxc6 11. Qf3 Be7 12. Be3 a6 13. e5 Qxf3 14. Rxf3 dxe5 15. fxe5 {½-½ (48) Rothebarth,A (2006)-Wynarczyk,R (1959) Gallipoli 2013}) 10... Be7 11. f5 O-O 12. a4 Ne5 13. Nf3 Qc6 (13... exf5 $15 14. Nxe5 dxe5 15. Qxd7 Nxd7 16. Rxf5 a5) 14. Nxe5 dxe5 15. fxe6 fxe6 16. Bg5 Bc5 17. Bxf6 gxf6 18. Qg4+ Kh8 19. Rf3 Rc7 20. Raf1 Rg7 21. Qh4 Be7 22. Qh3 a6 {[%cal Ba7a6,Ba6b5,Bb5b4][%mdl 32]} 23. Rg3 Qc4 {[%cal Rc4f1]} 24. Rd1 Rxg3 25. Qxg3 b5 26. axb5 axb5 {Hoping for ...b4.} 27. Qd3 Qxd3 28. cxd3 $15 {[%mdl 4096] Endgame KRB-KRN} b4 29. Ne2 f5 30. exf5 Rxf5 31. b3 Rf2 32. Re1 Bg5 33. Ng1 Rb2 34. Rxe5 Bf6 35. Rxe6 Kg7 36. g3 Rxb3 {aiming for ...Rb1.} 37. Rb6 Rb2 {[%mdl 1024] Black has compensation.} ({Of course not} 37... Rxd3 $6 38. Rxb4 Kg6 39. Rg4+ Kh5 40. Re4 $14) 38. Nf3 Bc3 39. Ng5 h5 (39... b3 $5 {[%cal Rb2b1]} 40. Ne6+ Kf7 41. Ng5+ Ke7 $15) 40. Ne6+ Kf7 41. Nc5 {The position is equal.} Ke7 42. Re6+ Kd8 43. Rh6 Kc7 44. Na6+ Kd7 45. Nxb4 Bxb4 46. Rxh5 $11 {KRB-KR} Bd6 47. Rf5 Ke6 48. Rf3 Be5 49. Kg1 Bd4+ 50. Kh1 Rd2 51. h4 Bf6 52. Kg1 Kf7 53. Rf2 Rxd3 54. Kg2 Ke6 55. Rf3 Rd2+ 56. Kh3 Be5 57. Kg4 Rd8 58. Kh3 Kd5 59. Rd3+ Bd4 60. Rf3 Ke6 (60... Ke4 {looks sharper.} 61. Rf4+ Ke5 62. Rf3 Bc5 63. h5 Bb4) 61. g4 Be5 62. g5 Rd4 63. Rf1 Ra4 64. Rf3 Kd5 65. Rf1 Rb4 66. Rd1+ Ke6 67. Rf1 $1 Re4 68. Rf3 Bd6 69. Rf6+ Ke5 70. Rf3 Bb4 71. Rf7 (71. g6 $5 {[%cal Rg6g7]} Be1 {[#]} 72. Rg3 $1 {[%mdl 512]} Bxg3 73. g7 $11) 71... Ke6 72. Rf6+ Ke7 73. Rh6 Be1 74. g6 Bc3 75. Rh7+ Kf6 76. h5 $1 Kg5 77. g7 Re8 78. h6 Kg6 {[#]} 79. Rh8 $1 {[%cal Rh8e8][%mdl 512]} Rxh8 80. gxh8=Q Bxh8 {Precision: White = 64%, Black = 71%.} 1/2-1/2

[Event "POR-chT 1st League 2017"]
[Site "Leiria"]
[Date "2017.07.18"]
[Round "2"]
[White "Santos, Antonio P"]
[Black "Cuenca, Jose Fdo"]
[Result "0-1"]
[WhiteElo "2237"]
[BlackElo "2498"]
[Annotator "TA"]
[PlyCount "78"]
[EventDate "2017.??.??"]
[EventType "team-tourn"]
[EventCountry "POR"]
[SourceTitle "playchess.com"]
[Source "ChessBase"]
[SourceQuality "1"]

{[%evp 26,78,30,27,31,39,39,34,23,26,46,24,29,24,22,0,39,29,47,0,64,56,95,99,93,-33,-21,-71,-72,-90,-83,-129,-129,-129,-129,-125,-108,-115,-119,-128,-66,-177,-43,-104,-102,-275,-263,-275,-274,-273,-270,-618,-367,-542,-538]} 1. d4 Nf6 2. c4 g6 3. Nc3 Bg7 4. e4 d6 5. Be2 O-O 6. Nf3 e5 7. O-O Nc6 8. d5 Ne7 9. b4 a5 10. bxa5 c5 11. Nd2 Rxa5 12. Nb3 Ra6 13. a4 {E97: King's Indian: Classical Main Line (6...e5 7 0-0 Nc6): 8 Be3 and 8 d5 Ne7, not 9 Ne1} (13. f4 exf4 14. Bxf4 Nd7 15. Qd2 Ne5 16. Rf2 f5 17. Raf1 Nf7 18. h4 h6 19. Be3 h5 20. Bf4 Bd7 {½-½ (42) Iturrizaga Bonelli,E (2649)-Trent,L (2470) Caleta 2015}) 13... Ne8 14. a5 {LiveBook: 3 Games} f5 15. f3 {White is slightly better.} Nf6 16. Bd2 Bd7 17. Qc2 Nh5 $146 ({Predecessor:} 17... f4 18. g4 h5 19. g5 Nh7 20. h4 Nxg5 21. hxg5 Nf5 22. exf5 Qxg5+ 23. Kh1 Qh4+ 24. Kg1 {½-½ (24) Henrichsen,J (2070)-Olsen,H (2300) Herlev 1997}) 18. g3 Nf6 19. Rfb1 h5 20. Nb5 Bc8 21. Rf1 h4 22. gxh4 (22. g4 $5) 22... f4 (22... Nh5 $11) 23. Kh1 Nh5 24. Rg1 Kh7 25. Rg5 ({Better is} 25. Bf1 $16) 25... Bf6 $15 26. Rag1 Bxg5 27. Rxg5 {[#]} Ng8 $1 {[%cal Be7g8,Bg8h6,Bh6f7][%mdl 32]} 28. Qb2 Nh6 29. Be1 Nf7 30. Rg1 Rg8 31. Bf1 Ra8 {[%cal Ba6a8,Ba8h8,Bh8h6][%mdl 32]} 32. Qf2 Bd7 (32... Qf6 $17 33. Nc1 Bd7) 33. Qb2 (33. Nxd6 $15 Nxd6 34. Nxc5) 33... Rg7 (33... Qf6 $19 34. Nc3 Qe7) 34. Qf2 (34. Nxd6 $1 $15 Nxd6 35. Nxc5) 34... Qf6 35. Nc1 $2 {[#]} (35. Nxd6 $17 Qxd6 36. Nxc5) 35... Rh8 $19 36. Nc7 g5 {[%cal Bg6g5,Bg5h4][%mdl 32]} 37. Rg2 Kg8 38. Kg1 $2 (38. Qg1) 38... Rh6 {Threatens to win with ...gxh4.} 39. Rg4 (39. Ne6 $142 Bxe6 40. dxe6 Qxe6 41. Kh1) 39... gxh4 {Precision: White = 27%, Black = 64%.} 0-1

[Event "POR-chT 1st League 2017"]
[Site "Leiria"]
[Date "2017.07.18"]
[Round "2"]
[White "Andrade, Jose M Vieira"]
[Black "Leao, Tiago Miguel Da Sil"]
[Result "0-1"]
[WhiteElo "2223"]
[BlackElo "2075"]
[Annotator "NA"]
[PlyCount "64"]
[EventDate "2017.??.??"]
[EventType "team-tourn"]
[EventCountry "POR"]
[SourceTitle "playchess.com"]
[Source "ChessBase"]
[SourceQuality "1"]
[TimeControl "5400+30"]

1. e4 c5 {[%emt 0:00:58]} 2. d4 {[%emt 0:00:00]} cxd4 {[%emt 0:00:15]} 3. c3 {[%emt 0:00:00]} Nf6 {[%emt 0:02:52]} 4. e5 {[%emt 0:00:00]} Nd5 {[%emt 0:00:06]} 5. Nf3 {[%emt 0:00:30]} Nc6 {[%emt 0:06:06]} 6. cxd4 {[%emt 0:00:40]} d6 {[%emt 0:01:20]} 7. Bc4 {[%emt 0:05:32]} dxe5 8. dxe5 {[%emt 0:12:39]} e6 {[%emt 0:14:19]} 9. O-O Nb6 {[%emt 0:06:04]} 10. Bd3 {[%emt 0:06:43]} Nb4 {[%emt 0:07:22]} 11. Be4 {[%emt 0:00:33]} Qxd1 {[%emt 0:06:20]} 12. Rxd1 Bd7 13. Nc3 {[%emt 0:02:28]} Bc6 {[%emt 0:02:30]} 14. Bxc6+ {[%emt 0:13:32]} bxc6 {[%emt 0:04:24]} 15. b3 {[%emt 0:06:27]} N4d5 {[%emt 0:08:35]} 16. Ne4 Be7 {[%emt 0:08:13]} 17. Bb2 {[%emt 0:01:22]} Rc8 {[%emt 0:01:19]} 18. Rac1 {[%emt 0:01:14]} c5 {[%emt 0:02:31]} 19. Ba3 {[%emt 0:05:38]} Nd7 {[%emt 0:02:39]} 20. g3 {[%emt 0:16:01]} O-O {[%emt 0:00:51]} 21. Rd2 {[%emt 0:00:50]} Rc6 {[%emt 0:04:43]} 22. Rdc2 {[%emt 0:11:33]} Rfc8 {[%emt 0:02:35]} 23. Nd4 cxd4 {[%emt 0:06:55]} 24. Rxc6 {[%emt 0:00:38]} Rxc6 {[%emt 0:00:12]} 25. Rxc6 {[%emt 0:00:05]} Bxa3 {[%emt 0:00:09]} 26. Ra6 {[%emt 0:04:23]} Nc5 {[%emt 0:02:45]} 27. Rxa3 {[%emt 0:00:46]} Nxe4 {[%emt 0:00:04]} 28. Ra4 {[%emt 0:08:56]} Ndc3 {[%emt 0:03:29]} 29. Rxa7 {[%emt 0:00:25]} Kf8 {[%emt 0:00:09]} 30. f3 {[%emt 0:02:09]} d3 {[%emt 0:01:16]} 31. fxe4 {[%emt 0:00:43]} d2 {[%emt 0:00:06]} 32. Rd7 {[%emt 0:00:05]} Nd5 {[%emt 0:00:25]} 0-1

[Event "POR-chT 1st League 2017"]
[Site "Leiria"]
[Date "2017.07.18"]
[Round "2"]
[White "Ulyanovskyy, Viktor"]
[Black "Lombaers, Peter"]
[Result "1/2-1/2"]
[WhiteElo "2219"]
[BlackElo "2327"]
[Annotator "NA"]
[PlyCount "57"]
[EventDate "2017.??.??"]
[EventType "team-tourn"]
[EventCountry "POR"]
[SourceTitle "playchess.com"]
[Source "ChessBase"]
[SourceQuality "1"]
[TimeControl "5400+30"]

1. e4 {[%emt 0:00:00]} c5 {[%emt 0:00:51]} 2. c4 {[%emt 0:01:10]} Nc6 {[%emt 0:01:43]} 3. Nc3 {[%emt 0:08:46]} g6 {[%emt 0:01:42]} 4. g3 {[%emt 0:00:06]} a6 {[%emt 0:03:51]} 5. Bg2 {[%emt 0:00:36]} b5 {[%emt 0:01:43]} 6. d3 {[%emt 0:00:50]} Bg7 {[%emt 0:01:17]} 7. Nge2 {[%emt 0:00:21]} b4 {[%emt 0:06:17]} 8. Na4 {[%emt 0:10:56]} d6 {[%emt 0:01:24]} 9. e5 {[%emt 0:02:10]} Bd7 {[%emt 0:03:58]} 10. exd6 {[%emt 0:00:10]} exd6 {[%emt 0:00:24]} 11. Bf4 {[%emt 0:03:15]} Ne5 {[%emt 0:08:02]} 12. Nb6 {[%emt 0:02:24]} Rb8 {[%emt 0:09:02]} 13. Nxd7 {[%emt 0:03:36]} Qxd7 {[%emt 0:00:07]} 14. O-O {[%emt 0:01:50]} Ne7 15. Qc2 {[%emt 0:17:50]} O-O {[%emt 0:07:06]} 16. Rad1 {[%emt 0:04:19]} N5c6 {[%emt 0:07:00]} 17. Qc1 {[%emt 0:03:33]} Rfe8 {[%emt 0:02:26]} 18. Rfe1 {[%emt 0:00:32]} Nf5 {[%emt 0:04:34]} 19. Bh3 {[%emt 0:01:13]} Re7 {[%emt 0:03:56]} 20. Bg5 {[%emt 0:01:18]} Rxe2 21. Rxe2 {[%emt 0:00:30]} Nfd4 22. Bxd7 {[%emt 0:00:30]} Nxe2+ 23. Kf1 Nxc1 24. Bxc1 {[%emt 0:09:05]} Nd4 {[%emt 0:10:00]} 25. b3 {[%emt 0:07:07]} Rd8 {[%emt 0:02:15]} 26. Ba4 {[%emt 0:01:44]} h6 {[%emt 0:03:34]} 27. h3 {[%emt 0:00:28]} Ne6 {[%emt 0:07:43]} 28. Bc6 {[%emt 0:02:26]} Nd4 {[%emt 0:01:09]} 29. Ba4 {[%emt 0:01:23]} 1/2-1/2

[Event "POR-chT 1st League 2017"]
[Site "Leiria"]
[Date "2017.07.18"]
[Round "2"]
[White "Diogo, Vasco"]
[Black "Gonzalez Perez, Arian"]
[Result "1-0"]
[WhiteElo "2213"]
[BlackElo "2461"]
[Annotator "TA"]
[PlyCount "101"]
[EventDate "2017.??.??"]
[EventType "team-tourn"]
[EventCountry "POR"]
[SourceTitle "playchess.com"]
[Source "ChessBase"]
[SourceQuality "1"]

{[%evp 19,101,40,54,41,49,22,30,29,39,28,41,3,14,0,-8,-9,0,-9,-7,-10,-18,-12,-5,-53,-47,-45,-29,-20,-2,-19,-18,-41,-41,-49,-24,-27,-36,-56,-64,-91,-47,-178,-154,-182,-145,-181,-169,-191,-87,-79,0,-30,-34,-61,-24,-60,-68,-59,0,0,0,-8,-8,-8,-8,-18,-13,-14,245,251,1025,514,500,414,969,962,1300,1227,2164,2172,29986,29987,29987,29988]} 1. e4 g6 2. d4 Bg7 3. Nc3 d6 4. Nf3 Nf6 5. Be2 O-O 6. O-O e6 7. h3 h6 8. Be3 Nc6 9. Qd2 {B08: Pirc Defence: Classical System} Kh7 10. Rad1 Ne7 {LiveBook: 5 Games} 11. Nh2 {White is slightly better.} b6 12. Ng4 Nfg8 13. Bf3 $146 ({Predecessor:} 13. e5 h5 14. exd6 cxd6 15. Nh2 Bb7 16. Bf3 Bxf3 17. Nxf3 {½-½ (74) Tokmachev,M (2332)-Rasik,V (2491) Pardubice 2012}) 13... Bb7 14. Nh2 d5 15. exd5 exd5 16. Ne2 Nf5 {[%cal Be7f5,Bf5h4,Bh4f3][%mdl 32]} 17. Bf4 Nh4 18. Rfe1 Nf6 19. Ng3 Nxf3+ 20. Nxf3 Ne4 21. Nxe4 (21. Qd3 {is more complex.} Re8 22. c3 a5 23. Ne5 Qh4 24. Qf3) 21... dxe4 22. Ne5 f5 23. Nc4 Ba6 24. Ne3 Qd7 25. Qc3 Rf7 26. Be5 Bf8 27. Qb3 Bb7 28. c4 Re8 29. Rc1 c6 30. Red1 (30. Rcd1 $15) 30... f4 $1 $19 31. Ng4 {[#]} Qf5 $1 32. c5 h5 33. cxb6 hxg4 (33... axb6 $19 {is more deadly.} 34. Nh2 c5) 34. hxg4 $17 Qe6 35. Qh3+ Bh6 36. bxa7 g5 37. Rc3 Ba8 $1 38. Bb8 e3 (38... Qg6 $15) 39. fxe3 $11 fxe3 {[%cal Bf4e3,Be3e2][%mdl 32]} 40. Re1 $132 {[%mdl 2048] White has counterplay} e2 $1 {And now ...Rf1+! would win.} ({Reject} 40... Qxa2 $6 41. Rcxe3 Rxe3 42. Qxe3 $16) 41. Be5 c5 {...cxd4 is the strong threat.} 42. Rxc5 Qa6 43. Kh2 Rxe5 $4 {[%mdl 8192]} ({Don't play} 43... Rxa7 $6 {[#]} 44. Ra5 $1 $16 {[%mdl 512]}) (43... Kg8 $11) 44. Rxe5 $18 Rf2 $2 (44... Rxa7 45. R1xe2 Qd6 46. Qd3+ Kh8) 45. d5 Qd6 46. Qg3 Bg7 (46... Rf7 $142 47. R1xe2 Bf8 48. Rxg5 Qxg3+ 49. Kxg3 Rxa7) 47. R5xe2 Qh6+ 48. Qh3 Rf7 49. Re7 Rf2 50. Rxg7+ Kxg7 51. Re7+ {Precision: White = 39%, Black = 35%.} 1-0

[Event "POR-chT 1st League 2017"]
[Site "Leiria"]
[Date "2017.07.18"]
[Round "2"]
[White "Carneiro, Carlos"]
[Black "Cavaleiro, Daniel Felipe Costa"]
[Result "0-1"]
[WhiteElo "2175"]
[BlackElo "2006"]
[Annotator "NA"]
[PlyCount "122"]
[EventDate "2017.??.??"]
[EventType "team-tourn"]
[EventCountry "POR"]
[SourceTitle "playchess.com"]
[Source "ChessBase"]
[SourceQuality "1"]
[TimeControl "5400+30"]

1. d4 {[%emt 0:03:50]} Nf6 {[%emt 0:01:18]} 2. c4 {[%emt 0:00:09]} e6 {[%emt 0:00:11]} 3. Nf3 {[%emt 0:00:13]} b6 {[%emt 0:00:40]} 4. g3 {[%emt 0:00:11]} Bb7 {[%emt 0:00:29]} 5. Bg2 {[%emt 0:00:08]} Be7 {[%emt 0:01:23]} 6. O-O {[%emt 0:00:13]} O-O {[%emt 0:03:30]} 7. d5 {[%emt 0:02:55]} exd5 8. Nh4 c6 {[%emt 0:24:30]} 9. cxd5 {[%emt 0:02:08]} Nxd5 {[%emt 0:04:05]} 10. Nf5 {[%emt 0:01:05]} Nf6 11. e4 {[%emt 0:02:26]} d5 12. e5 {[%emt 0:02:52]} Nfd7 {[%emt 0:25:21]} 13. f4 {[%emt 0:19:00]} g6 {[%emt 0:04:36]} 14. Nxe7+ {[%emt 0:03:32]} Qxe7 {[%emt 0:00:16]} 15. Nc3 Na6 16. Kh1 {[%emt 0:06:51]} Nc7 {[%emt 0:06:22]} 17. Bd2 {[%emt 0:24:38]} Ne8 {[%emt 0:01:19]} 18. f5 {[%emt 0:04:22]} Qxe5 {[%emt 0:05:56]} 19. Qg4 {[%emt 0:00:51]} Nef6 {[%emt 0:08:30]} 20. Qh4 {[%emt 0:05:16]} Ba6 21. Rae1 Qd6 {[%emt 0:04:57]} 22. Bf4 {[%emt 0:03:44]} Qc5 {[%emt 0:01:06]} 23. Be3 {[%emt 0:08:02]} Qd6 {[%emt 0:00:27]} 24. Bf4 {[%emt 0:01:33]} Qb4 {[%emt 0:01:03]} 25. Rf2 {[%emt 0:00:58]} Rfe8 {[%emt 0:00:13]} 26. Rg1 {[%emt 0:00:14]} Nh5 {[%emt 0:01:34]} 27. fxg6 {[%emt 0:01:48]} hxg6 {[%emt 0:01:47]} 28. Qg5 {[%emt 0:01:45]} Nxf4 29. gxf4 {[%emt 0:00:23]} Qe7 {[%emt 0:01:43]} 30. Qh6 {[%emt 0:01:32]} Qf8 {[%emt 0:00:55]} 31. Qh4 {[%emt 0:00:24]} Qg7 {[%emt 0:01:48]} 32. Bh3 {[%emt 0:00:30]} Nc5 {[%emt 0:00:30]} 33. f5 {[%emt 0:00:30]} Bd3 {[%emt 0:00:30]} 34. Rfg2 {[%emt 0:00:30]} d4 35. Rxg6 {[%emt 0:02:47]} Qxg6 {[%emt 0:01:00]} 36. Rxg6+ {[%emt 0:00:03]} fxg6 {[%emt 0:00:08]} 37. fxg6 {[%emt 0:00:06]} Bxg6 {[%emt 0:00:26]} 38. Qxd4 {[%emt 0:00:20]} Rad8 {[%emt 0:00:49]} 39. Qf6 {[%emt 0:01:03]} Kh7 {[%emt 0:01:14]} 40. Qxc6 {[%emt 0:01:52]} Rd2 {[%emt 0:00:57]} 41. Qc7+ {[%emt 0:00:34]} Nd7 {[%emt 0:00:43]} 42. Qg3 {[%emt 0:00:24]} Nf6 {[%emt 0:00:16]} 43. Bf1 {[%emt 0:00:40]} Nh5 {[%emt 0:00:43]} 44. Qc7+ {[%emt 0:00:37]} Kh6 {[%emt 0:00:15]} 45. Kg1 {[%emt 0:00:52]} Rg8 {[%emt 0:00:25]} 46. Bc4 {[%emt 0:00:34]} Rf8 {[%emt 0:00:31]} 47. Ne2 {[%emt 0:00:21]} Be4 {[%emt 0:00:53]} 48. Nc3 Bg2 {[%emt 0:00:16]} 49. Qe7 {[%emt 0:00:57]} Rdf2 {[%emt 0:00:31]} 50. Qe3+ {[%emt 0:00:38]} Nf4 {[%emt 0:00:29]} 51. Nd1 Rf3 {[%emt 0:00:24]} 52. Qd2 {[%emt 0:00:54]} Rf6 {[%emt 0:00:35]} 53. Nf2 {[%emt 0:00:13]} Rg6 {[%emt 0:00:40]} 54. Bf7 {[%emt 0:00:46]} Rg5 {[%emt 0:00:32]} 55. h4 {[%emt 0:00:11]} Rg7 {[%emt 0:00:39]} 56. Qd6+ {[%emt 0:00:50]} Kh7 {[%emt 0:00:10]} 57. Bc4 Bh3+ {[%emt 0:00:21]} 58. Kh1 {[%emt 0:00:58]} Rxf2 {[%emt 0:00:26]} 59. Bd3+ {[%emt 0:00:15]} Nxd3 {[%emt 0:00:17]} 60. Qxd3+ {[%emt 0:00:03]} Bf5 {[%emt 0:00:13]} 61. Qe3 {[%emt 0:00:23]} Rxb2 {[%emt 0:01:01]} 0-1